000 00493nam a22001097a 4500
082 _a891.433/KAU/S
100 _aविश्‍वम्‍भरनाथ शर्मा काैशिक
_983736
245 _aधराेहर कहानियां विश्‍वम्‍भरनाथ शर्मा कौशिक
260 _a प्रयागराज
_b लोकभारती प्रकाशन 2025
650 _a कहानियां
_983737
942 _cHIN
999 _c68694
_d68694